000 00855nam a2200253 c 4500
999 _c61517
_d61517
003 BLK
005 20220913114902.0
008 180408b bul|||||r ||||||| ||bul||
010 _aKNG00065719000
040 _aBLK
041 _aFRE
_cFRE
080 _aЦивилизация. Култура. Прогрес. История на културата вж 930.85
_b008
_x(091)
_z008(091)
139 _aHistoire generale des civilisations
_bH 69
245 1 0 _aHistoire generale des civilisations
_bT. 1 - 7
_nT. 1
_pL'Orient et la Grece antique
260 _aParis
_bPresses Univ. de France
_c1967 -
300 _c23 см
380 _a0
760 1 _h704 с.
_tT. 1 L'Orient et la Grece antique
852 _aЦб 74173
856 4 _qpdf
856 4 _qpdf
942 _cKNG
_n0
_s1
944 _aCR
_c13.06.2004
_kГеновева_Генчева
944 _aED
_c29.06.2010
944 _aED
_c2022-09-13
_kХристина Везирева
999 _d61517
999 _d61517
999 _d61517